Solidification of containerless undercooled melts (Record no. 202325)
[ view plain ]
| 000 -LEADER | |
|---|---|
| fixed length control field | 01165nam a2200289 a 4500 |
| 245 00 - TITLE STATEMENT | |
| Title | Solidification of containerless undercooled melts |
| 260 ## - PUBLICATION, DISTRIBUTION, ETC. (IMPRINT) | |
| Place of publication | Weinheim : |
| Name of publisher | Wiley-VCH Verlag GmbH & Co. KGaA, |
| Year of publication | c2012. |
| 300 ## - PHYSICAL DESCRIPTION | |
| Number of Pages | xxiv, 553 p. : |
| Other physical details | ill. |
| 650 #0 - SUBJECT ADDED ENTRY--TOPICAL TERM | |
| Topical Term | Solidification. |
| 700 1# - ADDED ENTRY--PERSONAL NAME | |
| Personal name | Herlach, D. M. |
| Personal name | Matson, Douglas M. |
| 856 40 - ELECTRONIC LOCATION AND ACCESS | |
| Uniform Resource Identifier | http://site.ebrary.com/lib/rucke/Doc?id=10565125 |
No items available.
